| 000 | 00426cam a22001457a 4500 | ||
|---|---|---|---|
| 008 | 180718b1957 xxu||||| |||| 00| 0 eng d | ||
| 082 | _aA99 G73 | ||
| 100 | _aGould, Basil John | ||
| 245 |
_aJewel in the lotus: recollections of an Indian political _cby Basil John Gould |
||
| 260 |
_aLondon _bChatto & Windus _c1957 |
||
| 300 | _a252p. | ||
| 500 | _a25/- | ||
| 650 | _aCivil Service India | ||
| 650 | _aGould, Basil John, 1883 | ||
| 999 |
_c367294 _d367294 |
||